000 00893nam a2200229 a 4500
001 BRCA_725
005 20190320203125.0
008 120805s1993----be-a---###---#000-0#eng-#
020 _a9069880547
050 4 _aND2644
_b.M49 1993
245 1 0 _aThe Mexican Muralists.
260 _a[Bruselas]
_bFoundation Europalia Internacional
_c1993
300 _a205 p.
_bil. (algunas a color)
_c27 cm.
500 _aCatálogo de la exposición realizada en el Museo Voor Schone Kunston, (Gent, Belgium)25 septiembre - 12 diciembre, 1993
500 _aIncluye lista selecta de museos de la Ciudad de México
500 _a2do. ejemplar en el Área de Investigación
504 _aBibliografía: p. 204-205
650 1 4 _aPintura mural mexicana
_vExposiciones
_92392
650 1 4 _apintura mural
_vExposiciones
_ySiglo XX
_zMéxico
_92393
711 2 _aEuropalia
_d1993
_cGhent, Belgium
_92394
942 _2lcc
_cB
999 _c626
_d626